000 00462nam a2200217Ia 4500
001 083472
003 YMCAF
005 20230512161417.0
008 100717s2002 ||||||||||||||||| ||und|d
024 _a83472
035 _a22932
040 _aYMCAF
_beng
_cIN-KoLT
041 _aeng
082 _a621.319
_b13 NAI
100 _aNaidu, R K
245 0 _aHigh voltage engineering
250 _a2nd
260 _bTMH
_c2002
300 _a372
942 _2ddc
_cBK
999 _c8420
_d8420